[Event "17th ECh U20"]
[Site "Arnhem NED"]
[Date "1987.12.26"]
[Round "7"]
[White "Vandevoort, Pascal"]
[Black "Riemersma, Liafbern"]
[Result "0-1"]
[WhiteElo "2005"]
[BlackElo "2345"]
[EventDate "1987.12.19"]
[PlyCount "100"]

1.Nf3 Nf6 2.g3 d5 3.Bg2 c6 4.O-O Bg4 5.b3 e6 6.Bb2 Nbd7 7.c4 Be7 8.d4 O-O 
9.Nc3 Qb8 10.Qd2 Re8 11.Rfe1 Bb4 12.Ne5 Nxe5 13.dxe5 Qxe5 14.a3 Bxc3 15.
Bxc3 Qh5 16.cxd5 Nxd5 17.Bb2 e5 18.Rad1 Re7 19.Qc2 Rd7 20.f3 Be6 21.e4 Nb6
22.Rxd7 Nxd7 23.Rd1 f6 24.Rd6 Qf7 25.b4 Nb6 26.Bf1 Qe7 27.Qd1 Rc8 28.a4 
Rc7 29.f4 Rd7 30.fxe5 fxe5 31.Bxe5 Nxa4 32.Rxd7 Bxd7 33.Bc4+ Be6 34.Bd6 
Qd7 35.e5 Bxc4 36.Qxa4 a6 37.Qc2 Qe6 38.Qf2 h6 39.Qa7 Qf7 40.Qb8+ Kh7 41.
Qf8 Qg6 42.Qf2 Qb1+ 43.Kg2 Bd5+ 44.Kh3 Be6+ 45.Kg2 Qe4+ 46.Kg1 Bd5 47.Kf1 
Bc4+ 48.Kg1 Qb1+ 49.Kg2 Bd5+ 50.Kh3 Qe4 0-1

[Event "17th ECh U20"]
[Site "Arnhem NED"]
[Date "1987.12.26"]
[Round "7"]
[White "Wessman, Richard"]
[Black "Lev, Ronen"]
[Result "1/2-1/2"]
[WhiteElo "2285"]
[BlackElo "2400"]
[EventDate "1987.12.19"]
[PlyCount "101"]

1.d4 d5 2.c4 dxc4 3.Nf3 Nf6 4.Nc3 a6 5.a4 Nc6 6.e4 Bg4 7.d5 Ne5 8.Bf4 Ng6 
9.Bg3 e5 10.dxe6 Bxe6 11.Nd4 Bg4 12.f3 Bc5 13.Bf2 Bxd4 14.Qxd4 Be6 15.
O-O-O Qxd4 16.Bxd4 O-O-O 17.g3 Ne7 18.f4 Nc6 19.Bc5 Rxd1+ 20.Kxd1 Bg4+ 21.
Kc1 Bf3 22.Bh3+ Kb8 23.Re1 b6 24.Bg1 Nxe4 25.Rxe4 Bxe4 26.Nxe4 Re8 27.Bg2 
f5 28.Nc3 Re1+ 29.Kd2 Rxg1 30.Bxc6 h5 31.Ne2 Rf1 32.h4 Kc8 33.Be8 Rb1 34.
Kc3 Kd8 35.Bxh5 Ke7 36.Nd4 Kf6 37.Bf3 c5 38.Ne2 b5 39.Kc2 Re1 40.Nc3 b4 
41.Nd5+ Ke6 42.Nb6 b3+ 43.Kd2 c3+ 44.Kxe1 cxb2 45.Bd5+ Kf6 46.Be4 fxe4 47.
Nd5+ Kf5 48.Nc3 Kg4 49.Kf2 e3+ 50.Kxe3 Kxg3 51.f5 1/2-1/2

[Event "17th ECh U20"]
[Site "Arnhem NED"]
[Date "1987.12.27"]
[Round "8"]
[White "Damaso, Rui"]
[Black "Fernandez Aguado, Enrique"]
[Result "1/2-1/2"]
[WhiteElo "2320"]
[BlackElo "2335"]
[EventDate "1987.12.19"]
[PlyCount "61"]

1.e4 c5 2.Nc3 Nc6 3.g3 g6 4.Bg2 Bg7 5.d3 e6 6.f4 Nge7 7.Nf3 d6 8.Be3 Nd4 
9.O-O O-O 10.e5 Nef5 11.Bf2 d5 12.Nxd4 cxd4 13.Ne2 f6 14.Nxd4 fxe5 15.fxe5
Bxe5 16.Nxf5 Rxf5 17.c3 Bg7 18.Qe2 e5 19.g4 Rf4 20.h3 Rf8 21.Bg3 Re8 22.
Rae1 e4 23.dxe4 dxe4 24.Qc4+ Be6 25.Qxe4 Qb6+ 26.Kh2 Qxb2 27.Be5 Bxe5+ 28.
Qxe5 Bf7 29.Qc7 Qxa2 30.Qxb7 Rxe1 31.Qxa8+ 1/2-1/2

[Event "17th ECh U20"]
[Site "Arnhem NED"]
[Date "1987.12.27"]
[Round "8"]
[White "Hansen, Lars Bo"]
[Black "Brenninkmeijer, Joris"]
[Result "1/2-1/2"]
[WhiteElo "2355"]
[BlackElo "2345"]
[EventDate "1987.12.19"]
[PlyCount "76"]

1.d4 Nf6 2.c4 e6 3.Nf3 Bb4+ 4.Nbd2 O-O 5.a3 Be7 6.Qc2 c5 7.e4 d5 8.cxd5 
exd5 9.Bd3 c4 10.Be2 dxe4 11.Nxe4 Nc6 12.Be3 Nxe4 13.Qxe4 Be6 14.O-O Bd5 
15.Qf5 g6 16.Qf4 Bd6 17.Qh6 f6 18.Nd2 Na5 19.Rac1 Rc8 20.Nb1 Re8 21.Nc3 
Bf7 22.Bg4 f5 23.Bf3 Bf8 24.Qf4 Qd6 25.Qh4 Bg7 26.Rcd1 a6 27.Bf4 Qd7 28.d5
Nb3 29.d6 Nd4 30.Rfe1 Nxf3+ 31.gxf3 Re6 32.Rxe6 Bxe6 33.Re1 Re8 34.Rd1 Qf7
35.Bh6 Bh8 36.Be3 Bf6 37.Bg5 Bh8 38.Be3 Bf6 1/2-1/2

[Event "17th ECh U20"]
[Site "Arnhem NED"]
[Date "1987.12.27"]
[Round "8"]
[White "Lev, Ronen"]
[Black "Vandevoort, Pascal"]
[Result "1-0"]
[WhiteElo "2400"]
[BlackElo "2005"]
[EventDate "1987.12.19"]
[PlyCount "96"]

1.d4 e6 2.c4 Nf6 3.Nc3 d5 4.cxd5 exd5 5.Bg5 Nbd7 6.e3 c6 7.Bd3 h6 8.Bh4 
Be7 9.Qc2 O-O 10.Nge2 Re8 11.O-O Ne4 12.Bxe7 Qxe7 13.Rae1 Ndf6 14.f3 Nxc3 
15.Nxc3 c5 16.dxc5 Qxc5 17.Nb5 Qxc2 18.Bxc2 Re7 19.Nd4 Be6 20.Rc1 Rc8 21.
Nxe6 Rxe6 22.Bh7+ Kxh7 23.Rxc8 Rxe3 24.Rc7 Re2 25.Rxb7 Kg6 26.Rd1 a5 27.a4
Rc2 28.Rb5 Kf5 29.b3 Rc3 30.Rd2 g5 31.Rb2 Kf4 32.Kf2 g4 33.Rb6 Kf5 34.Ra6 
gxf3 35.gxf3 h5 36.Rxa5 Kf4 37.Rb5 Rxf3+ 38.Kg2 Ng4 39.Rb4+ Ke3 40.a5 Rf6 
41.Rb6 Rf5 42.Rb5 Ke4 43.h3 Ne3+ 44.Kh2 Rg5 45.Rf2 f5 46.a6 Rg8 47.a7 Ra8 
48.Ra2 Rg8 1-0

[Event "17th ECh U20"]
[Site "Arnhem NED"]
[Date "1987.12.27"]
[Round "8"]
[White "Norwood, David Robert"]
[Black "Gelfand, Boris"]
[Result "0-1"]
[WhiteElo "2405"]
[BlackElo "2510"]
[EventDate "1987.12.19"]
[PlyCount "82"]

1.g3 g6 2.Bg2 Bg7 3.c4 c5 4.Nc3 Nc6 5.e3 Nh6 6.Nge2 Nf5 7.b3 a6 8.Bb2 O-O 
9.O-O b5 10.d3 Rb8 11.Qd2 bxc4 12.dxc4 Bb7 13.Rfd1 d6 14.h3 Qd7 15.Rab1 
Ne5 16.Ne4 Qc7 17.Nf4 a5 18.a4 Bc6 19.Bc3 Qa7 20.Nd5 Bxd5 21.Qxd5 Rbc8 22.
Be1 Nc6 23.Qd2 Nb4 24.g4 Nh4 25.Bh1 d5 26.cxd5 c4 27.bxc4 Rxc4 28.Rbc1 
Rfc8 29.Rxc4 Rxc4 30.d6 exd6 31.Qxd6 Rc8 32.Nf6+ Kh8 33.f4 Qxe3+ 34.Bf2 
Qxh3 35.Qe7 Nd3 36.Qd7 Bxf6 37.Qxc8+ Kg7 38.g5 Qxc8 39.gxf6+ Kxf6 40.Bxh4+
Kg7 41.Rxd3 Qc1+ 0-1

[Event "17th ECh U20"]
[Site "Arnhem NED"]
[Date "1987.12.27"]
[Round "8"]
[White "Riemersma, Liafbern"]
[Black "Pieniazek, Artur"]
[Result "1-0"]
[WhiteElo "2345"]
[BlackElo "2280"]
[EventDate "1987.12.19"]
[PlyCount "45"]

1.d4 Nf6 2.c4 e6 3.Nf3 b6 4.Nc3 Bb7 5.a3 d5 6.cxd5 Nxd5 7.Qa4+ Nd7 8.Nxd5 
Bxd5 9.Qc2 c5 10.e4 Bb7 11.d5 exd5 12.exd5 Bxd5 13.Be3 Be7 14.O-O-O Be6 
15.Bb5 Qc7 16.Qe4 Rd8 17.Ng5 a6 18.Nxe6 fxe6 19.Bf4 Qxf4+ 20.Qxf4 axb5 21.
Qg4 Kf7 22.Rhe1 Nf6 23.Qf3 1-0

[Event "17th ECh U20"]
[Site "Arnhem NED"]
[Date "1987.12.27"]
[Round "8"]
[White "Spycher, Bernard"]
[Black "Koch, Jean-Rene"]
[Result "1/2-1/2"]
[WhiteElo "2245"]
[BlackElo "2270"]
[EventDate "1987.12.19"]
[PlyCount "120"]

1.d4 Nf6 2.c4 c5 3.d5 b5 4.cxb5 a6 5.e3 g6 6.Nc3 Bg7 7.Bc4 axb5 8.Bxb5 e6 
9.dxe6 fxe6 10.Qd6 Qe7 11.Qxe7+ Kxe7 12.e4 Bb7 13.f3 d5 14.exd5 exd5 15.
Nh3 d4 16.Ne2 Nbd7 17.O-O Rhe8 18.Bd2 Bd5 19.b4 c4 20.Nxd4 Ne4 21.Rae1 
Bxd4+ 22.Kh1 c3 23.Bg5+ Kd6 24.fxe4 Bc6 25.Bf4+ Be5 26.Bxe5+ Rxe5 27.Bxc6 
Kxc6 28.Rc1 Rxa2 29.Rxc3+ Kb6 30.Rc4 Re2 31.Nf2 Kb5 32.Rc7 Rd2 33.Kg1 Rd4 
34.Ra1 Kb6 35.Raa7 Nf6 36.Rab7+ Ka6 37.Re7 Rxe7 38.Rxe7 Rxb4 39.g3 Rb7 40.
Re6+ Rb6 41.Re7 Rb7 42.Rxb7 Kxb7 43.Kg2 Kc6 44.Kf3 Kd6 45.Nd3 Ke6 46.h4 
Ne8 47.Kf4 h6 48.e5 Nc7 49.Ke4 Nb5 50.Nf4+ Kf7 51.Kd5 g5 52.hxg5 hxg5 53.
Nh3 Nc3+ 54.Kd6 Ne4+ 55.Kd7 Nc5+ 56.Kc6 Ne4 57.Kd5 Nxg3 58.Nxg5+ Ke7 59.
Ne6 Ne2 60.Nc5 Nf4+ 1/2-1/2

[Event "17th ECh U20"]
[Site "Arnhem NED"]
[Date "1987.12.27"]
[Round "8"]
[White "Torhallsson, Trostur"]
[Black "Kosic, Dragan"]
[Result "0-1"]
[WhiteElo "2345"]
[BlackElo "2385"]
[EventDate "1987.12.19"]
[PlyCount "48"]

1.e4 c5 2.Nf3 e6 3.d4 cxd4 4.Nxd4 Nf6 5.Nc3 d6 6.Be3 Be7 7.f3 a6 8.Qd2 b5 
9.O-O-O Bb7 10.g4 Nfd7 11.g5 Nb6 12.Bd3 N8d7 13.f4 Nc5 14.a3 d5 15.exd5 
Nxd5 16.Nxd5 Qxd5 17.Kb1 Nxd3 18.Qxd3 O-O 19.f5 e5 20.f6 Bc5 21.Nf5 Qxd3 
22.Rxd3 Bxe3 23.Rhd1 Bd4 24.g6 fxg6 0-1

[Event "17th ECh U20"]
[Site "Arnhem NED"]
[Date "1987.12.27"]
[Round "8"]
[White "Wessman, Richard"]
[Black "Calinescu, Gruia"]
[Result "0-1"]
[WhiteElo "2285"]
[BlackElo "2240"]
[EventDate "1987.12.19"]
[PlyCount "72"]

1.e4 c5 2.Nf3 d6 3.d4 cxd4 4.Nxd4 Nf6 5.Nc3 a6 6.Be3 e6 7.f3 b5 8.Qd2 Nbd7
9.g4 h6 10.O-O-O Bb7 11.Bd3 Ne5 12.Kb1 b4 13.Nce2 d5 14.exd5 Nxd5 15.Rhg1 
Qc7 16.Nf4 Nxf4 17.Bxf4 Bd6 18.Bb5+ Ke7 19.Bxe5 Bxe5 20.Qxb4+ Kf6 21.f4 
Bd6 22.g5+ hxg5 23.fxg5+ Ke7 24.Nf5+ exf5 25.Rge1+ Be4 26.Rxe4+ fxe4 27.
Qxe4+ Be5 28.Rd7+ Qxd7 29.Bxd7 f6 30.Bf5 Rab8 31.Qc6 Rxb2+ 32.Kc1 Rhb8 33.
Qe6+ Kf8 34.g6 Bf4+ 35.Kd1 Rb1+ 36.Ke2 Re8 0-1

[Event "17th ECh U20"]
[Site "Arnhem NED"]
[Date "1987.12.28"]
[Round "9"]
[White "Bellini, Fabio"]
[Black "Spycher, Bernard"]
[Result "1/2-1/2"]
[WhiteElo "2275"]
[BlackElo "2245"]
[EventDate "1987.12.19"]
[PlyCount "100"]

1.e4 c5 2.Nf3 Nc6 3.d4 cxd4 4.Nxd4 Nf6 5.Nc3 e5 6.Ndb5 d6 7.Bg5 a6 8.Na3 
b5 9.Nd5 Be7 10.Bxf6 Bxf6 11.c3 Ne7 12.Nxf6+ gxf6 13.Nc2 Bb7 14.Bd3 Rg8 
15.Qh5 Rxg2 16.Qxh7 Qd7 17.Qh8+ Ng8 18.Bf1 Rg6 19.Bh3 Qc6 20.Bf5 Rg5 21.
Ne3 Rxf5 22.Qxg8+ Ke7 23.Nxf5+ Ke6 24.Qg4 Qxe4+ 25.Qxe4 Bxe4 26.Ng7+ Ke7 
27.Rg1 Rh8 28.a4 Rh7 29.axb5 axb5 30.f3 Bd3 31.Rg2 Rh3 32.Ra7+ Kf8 33.Ra8+
Ke7 34.Ne8 Rxf3 35.Nc7 Rf1+ 36.Kd2 Be4 37.Rag8 Bxg2 38.Rxg2 b4 39.Nd5+ Ke6
40.Nxb4 f5 41.c4 f4 42.Kd3 Kf5 43.Nc2 e4+ 44.Kd2 Ke5 45.h4 Rh1 46.Rg7 Rh2+
47.Kc3 Rh3+ 48.Kd2 Rh2+ 49.Kc3 Rh3+ 50.Kd2 Rh2+ 1/2-1/2

[Event "17th ECh U20"]
[Site "Arnhem NED"]
[Date "1987.12.28"]
[Round "9"]
[White "Brenninkmeijer, Joris"]
[Black "Langner, Ladislav"]
[Result "1-0"]
[WhiteElo "2345"]
[BlackElo "2315"]
[EventDate "1987.12.19"]
[PlyCount "45"]

1.d4 Nf6 2.c4 g6 3.Nc3 d5 4.Nf3 Bg7 5.cxd5 Nxd5 6.e4 Nxc3 7.bxc3 c5 8.Rb1 
O-O 9.Be2 cxd4 10.cxd4 Qa5+ 11.Bd2 Qxa2 12.O-O b6 13.Qc1 Qe6 14.Bc4 Qxe4 
15.Re1 Qf5 16.Rb5 Qd7 17.Ne5 Qe8 18.Rb3 Bb7 19.Bh6 Bxe5 20.Rxe5 Qc6 21.Rf3
Ba6 22.Rc3 Rc8 23.Rxe7 1-0

[Event "17th ECh U20"]
[Site "Arnhem NED"]
[Date "1987.12.28"]
[Round "9"]
[White "Fernandez Aguado, Enrique"]
[Black "Hansen, Lars Bo"]
[Result "1/2-1/2"]
[WhiteElo "2335"]
[BlackElo "2355"]
[EventDate "1987.12.19"]
[PlyCount "124"]

1.e4 e6 2.d4 d5 3.Nc3 Bb4 4.e5 c5 5.Bd2 Nc6 6.Nb5 Bxd2+ 7.Qxd2 Nxd4 8.Nxd4
cxd4 9.Nf3 Ne7 10.Bd3 O-O 11.O-O Nc6 12.Rae1 f6 13.Re2 a6 14.b4 Qc7 15.
Rfe1 Qe7 16.Rb1 Bd7 17.a4 f5 18.g3 Be8 19.b5 axb5 20.axb5 Nb8 21.Nxd4 Bh5 
22.Ree1 Ra4 23.Qc3 Nd7 24.Ra1 Rxa1 25.Qxa1 f4 26.c4 Nc5 27.Qc3 fxg3 28.
hxg3 Nxd3 29.Qxd3 Qc5 30.Qe3 Bf7 31.cxd5 Qxd5 32.b6 Rc8 33.Ne2 h6 34.Nf4 
Qc4 35.Nd3 Qb3 36.Qd4 Be8 37.Nc5 Qxb6 38.Rc1 Bf7 39.Kh2 Rc6 40.Rc3 Qc7 41.
Ne4 Bg6 42.Rxc6 Qxc6 43.Nd6 Qf3 44.Kg1 Qe2 45.Kg2 Bd3 46.Qf4 Kh7 47.g4 
Qf1+ 48.Kh2 b5 49.Ne4 Qe2 50.Nc5 Bc4 51.Nd7 Bd5 52.Qf7 Kh8 53.Qf8+ Kh7 54.
Qf7 Kh8 55.Qe8+ Kh7 56.Nf8+ Kg8 57.Nd7+ Kh7 58.Nf8+ Kg8 59.Nxe6+ Kh7 60.
Nf8+ Kg8 61.Ne6+ Kh7 62.Nf8+ Kg8 1/2-1/2

[Event "17th ECh U20"]
[Site "Arnhem NED"]
[Date "1987.12.28"]
[Round "9"]
[White "Gelfand, Boris"]
[Black "Riemersma, Liafbern"]
[Result "1-0"]
[WhiteElo "2510"]
[BlackElo "2345"]
[EventDate "1987.12.19"]
[PlyCount "69"]

1.d4 Nf6 2.c4 e6 3.g3 d5 4.Bg2 dxc4 5.Nf3 a6 6.O-O b5 7.Ne5 Nd5 8.a4 Bb7 
9.b3 cxb3 10.Qxb3 Nc6 11.Rd1 Bd6 12.Nxc6 Bxc6 13.e4 bxa4 14.Qf3 Ne7 15.Qg4
O-O 16.e5 f5 17.exd6 fxg4 18.dxe7 Qxe7 19.Bxc6 Qf6 20.Be3 Rad8 21.Nc3 Rb8 
22.Nxa4 Rb3 23.Rd2 Qf5 24.Nc5 Rb1+ 25.Rd1 Rxd1+ 26.Rxd1 Qc2 27.Rc1 Qa2 28.
Bd7 Rf6 29.Ba4 Kf7 30.Bd1 h5 31.Ne4 Rf5 32.Rxc7+ Kf8 33.Nc5 Rxc5 34.dxc5 
Qa5 35.Rd7 1-0

[Event "17th ECh U20"]
[Site "Arnhem NED"]
[Date "1987.12.28"]
[Round "9"]
[White "Koch, Jean-Rene"]
[Black "Wessman, Richard"]
[Result "1/2-1/2"]
[WhiteElo "2270"]
[BlackElo "2285"]
[EventDate "1987.12.19"]
[PlyCount "118"]

1.e4 e6 2.d4 d5 3.Nc3 Bb4 4.e5 c5 5.a3 Bxc3+ 6.bxc3 Ne7 7.Qg4 O-O 8.Nf3 f5
9.exf6 Rxf6 10.Bg5 Nd7 11.dxc5 Rf7 12.Qxe6 Qa5 13.Qe3 Nf5 14.Qd2 Nxc5 15.
c4 Qxd2+ 16.Bxd2 Re7+ 17.Kd1 Ne4 18.Be1 dxc4 19.Bxc4+ Be6 20.Bd3 Rd8 21.
Kc1 Nc5 22.Bxf5 Bxf5 23.Nh4 Be4 24.f3 Nb3+ 25.Kb2 Bxc2 26.Bb4 Re2 27.Rae1 
Rf2 28.Rhf1 Rxf1 29.Rxf1 Nd4 30.Bc3 Ba4 31.Re1 Nb5 32.Bb4 Rc8 33.Rc1 Rxc1 
34.Kxc1 Nd4 35.Kd2 g6 36.Kd3 Nb5 37.g3 b6 38.Ng2 Kf7 39.Ne3 a5 40.Be1 Nxa3
41.Nd5 Bb5+ 42.Kc3 Nc4 43.Bf2 Ne5 44.Bxb6 Nxf3 45.Bxa5 Nxh2 46.Kd4 Nf1 47.
Be1 Bc6 48.Nb4 Bb7 49.Ke5 Nh2 50.Bc3 Nf3+ 51.Kf4 Ke6 52.Nc2 Kf7 53.Nd4 Nh2
54.g4 Bc8 55.g5 Ng4 56.Be1 Ke7 57.Bb4+ Kf7 58.Be1 Bd7 59.Nf3 Bf5 1/2-1/2

[Event "17th ECh U20"]
[Site "Arnhem NED"]
[Date "1987.12.28"]
[Round "9"]
[White "Lutz, Christopher"]
[Black "Norwood, David Robert"]
[Result "1/2-1/2"]
[WhiteElo "2295"]
[BlackElo "2405"]
[EventDate "1987.12.19"]
[PlyCount "70"]

1.d4 Nf6 2.c4 e6 3.Nc3 c5 4.d5 exd5 5.cxd5 d6 6.e4 g6 7.Bd3 Bg7 8.Nge2 a6 
9.a4 Nbd7 10.O-O O-O 11.h3 Rb8 12.Ng3 Qc7 13.Be3 Re8 14.f4 c4 15.Bc2 b5 
16.axb5 axb5 17.Ra7 Qd8 18.Qf3 b4 19.Nce2 Bb7 20.Nd4 Nxd5 21.Rxb7 Rxb7 22.
exd5 Nf6 23.Bf2 Qa5 24.f5 Qxd5 25.Qxd5 Nxd5 26.Be4 Re5 27.Nc6 Rxe4 28.Nxe4
Rc7 29.Nd4 Be5 30.Nb5 Rc6 31.Bd4 gxf5 32.Rxf5 c3 33.bxc3 bxc3 34.Bxe5 dxe5
35.Nexc3 Nxc3 1/2-1/2

[Event "17th ECh U20"]
[Site "Arnhem NED"]
[Date "1987.12.28"]
[Round "9"]
[White "Torhallsson, Trostur"]
[Black "Horvath, Csaba"]
[Result "1/2-1/2"]
[WhiteElo "2345"]
[BlackElo "2455"]
[EventDate "1987.12.19"]
[PlyCount "43"]

1.d4 d5 2.c4 c6 3.Nf3 Nf6 4.e3 Bf5 5.Nc3 e6 6.Bd3 Bxd3 7.Qxd3 Nbd7 8.O-O 
Be7 9.e4 dxe4 10.Nxe4 Nxe4 11.Qxe4 Nf6 12.Qc2 O-O 13.Bg5 h6 14.Bh4 Nh5 15.
Bxe7 Qxe7 16.Rfe1 Nf6 17.Rad1 Rfd8 18.Ne5 Nd7 19.Ng4 Nf6 20.Ne5 Rac8 21.
Re3 Rc7 22.a3 1/2-1/2

[Event "17th ECh U20"]
[Site "Arnhem NED"]
[Date "1987.12.29"]
[Round "10"]
[White "Casagrande, Harald"]
[Black "Bellini, Fabio"]
[Result "1-0"]
[WhiteElo "2325"]
[BlackElo "2275"]
[EventDate "1987.12.19"]
[PlyCount "53"]

1.d4 e6 2.h4 c5 3.c3 d5 4.Nf3 Bd6 5.e4 dxe4 6.dxc5 exf3 7.cxd6 fxg2 8.Bxg2
Nf6 9.Na3 Qb6 10.Qe2 O-O 11.Nb5 Ne8 12.Be3 Qa6 13.Rd1 Bd7 14.c4 Bc6 15.Rg1
Nd7 16.Bh3 Ne5 17.Nd4 Qxc4 18.Qxc4 Nxc4 19.Nxc6 bxc6 20.d7 Nc7 21.Bh6 Ne5 
22.Rxg7+ Kh8 23.Rg3 Ng6 24.Bxf8 Nd5 25.Rxg6 hxg6 26.Rxd5 cxd5 27.Be7 1-0

[Event "17th ECh U20"]
[Site "Arnhem NED"]
[Date "1987.12.29"]
[Round "10"]
[White "Horvath, Csaba"]
[Black "Fernandez Aguado, Enrique"]
[Result "1-0"]
[WhiteElo "2455"]
[BlackElo "2335"]
[EventDate "1987.12.19"]
[PlyCount "85"]

1.d4 Nf6 2.c4 e6 3.Nf3 Bb4+ 4.Nbd2 c5 5.a3 Bxd2+ 6.Qxd2 b6 7.e3 cxd4 8.
Nxd4 Bb7 9.f3 O-O 10.Be2 Qe7 11.O-O Rd8 12.b4 d5 13.cxd5 Nxd5 14.e4 Nf6 
15.Qb2 Nbd7 16.Be3 Rac8 17.Rac1 Ne5 18.b5 Ne8 19.Rfd1 Nd6 20.Qb4 g5 21.
Rxc8 Rxc8 22.Nxe6 Qxe6 23.Rxd6 Qa2 24.Rd2 Qa1+ 25.Rd1 Qa2 26.Bf1 g4 27.Qe7
Qb3 28.Re1 Qc3 29.Qg5+ Ng6 30.Rc1 Qxa3 31.Rxc8+ Bxc8 32.Qd8+ Qf8 33.Qc7 
gxf3 34.gxf3 Be6 35.Qxa7 Nh4 36.Kf2 Qd6 37.Qa8+ Kg7 38.Qa1+ Kg6 39.f4 f5 
40.Qd4 Qa3 41.Qd8 Qa2+ 42.Be2 Bc4 43.Qxb6+ 1-0

[Event "17th ECh U20"]
[Site "Arnhem NED"]
[Date "1987.12.29"]
[Round "10"]
[White "Kosic, Dragan"]
[Black "Hansen, Lars Bo"]
[Result "1-0"]
[WhiteElo "2385"]
[BlackElo "2355"]
[EventDate "1987.12.19"]
[PlyCount "107"]

1.d4 Nf6 2.c4 c5 3.d5 b5 4.cxb5 a6 5.bxa6 g6 6.Nc3 Bxa6 7.Nf3 d6 8.g3 Bg7 
9.Bg2 Nbd7 10.O-O Nb6 11.Re1 O-O 12.Bf4 Nc4 13.Qc1 Re8 14.Nd2 Nb6 15.e4 
Ng4 16.h3 Ne5 17.Bxe5 Bxe5 18.Nf3 Bg7 19.e5 Nc4 20.e6 f5 21.h4 Qa5 22.Nd1 
Ne5 23.Re3 Nxf3+ 24.Bxf3 Bd4 25.h5 Rf8 26.hxg6 hxg6 27.Kg2 Bxe3 28.Qxe3 f4
29.gxf4 Qb4 30.Be4 Kg7 31.Nc3 Rf6 32.b3 Rg8 33.Qg3 Kf8 34.Rh1 Bb7 35.Rh7 
Qd4 36.Qh3 Qd2 37.Qh6+ Ke8 38.Rxe7+ Kd8 39.Rxb7 Rxf4 40.Rb8+ Kc7 41.Qh7+ 
Kxb8 42.Qxg8+ Kb7 43.Qg7+ Kb6 44.Bf3 Rf5 45.Ne4 Qxd5 46.Qxg6 Re5 47.e7 
Rxe7 48.Qxd6+ Qxd6 49.Nxd6 Rd7 50.Nc4+ Kb5 51.a3 Rd3 52.Be2 Rc3 53.Ne3+ 
Kc6 54.Bc4 1-0

[Event "17th ECh U20"]
[Site "Arnhem NED"]
[Date "1987.12.29"]
[Round "10"]
[White "Norwood, David Robert"]
[Black "Gdanski, Jacek"]
[Result "0-1"]
[WhiteElo "2405"]
[BlackElo "2400"]
[EventDate "1987.12.19"]
[PlyCount "102"]

1.g3 e5 2.Bg2 Nc6 3.c4 f5 4.Nc3 Nf6 5.d3 Bb4 6.Bd2 O-O 7.e3 d6 8.Nge2 Kh8 
9.a3 Bxc3 10.Bxc3 Qe8 11.Qd2 a5 12.b4 axb4 13.axb4 Rxa1+ 14.Bxa1 Qh5 15.f4
e4 16.dxe4 Nxe4 17.Qb2 Rg8 18.O-O Be6 19.Nc3 Bxc4 20.Rc1 d5 21.Nxe4 fxe4 
22.b5 Na5 23.Re1 Nb3 24.Qe5 Qf7 25.Bb2 Bxb5 26.Bxe4 dxe4 27.Qxb5 c6 28.Qb4
Rd8 29.Qxe4 h6 30.f5 Nd2 31.Qf4 Kh7 32.g4 Qd5 33.e4 Qd3 34.Kh1 Qf3+ 35.
Qxf3 Nxf3 36.Re2 c5 37.Kg2 Nd4 38.Rd2 b5 39.e5 b4 40.e6 Nxe6 41.Rc2 Nf4+ 
42.Kf3 Nd3 43.Ke3 b3 44.Rd2 c4 45.Bc3 Rb8 46.Rd1 Nc5 47.Ra1 b2 48.Rb1 Na4 
49.Kd2 Rb3 50.Be5 Rf3 51.Bxb2 Nxb2 0-1

[Event "17th ECh U20"]
[Site "Arnhem NED"]
[Date "1987.12.29"]
[Round "10"]
[White "Riemersma, Liafbern"]
[Black "Lutz, Christopher"]
[Result "1-0"]
[WhiteElo "2345"]
[BlackElo "2295"]
[EventDate "1987.12.19"]
[PlyCount "39"]

1.e4 c6 2.c4 d5 3.exd5 cxd5 4.cxd5 Qxd5 5.Nc3 Qd6 6.d4 Nf6 7.g3 g6 8.Bg2 
Bg7 9.Nge2 O-O 10.O-O Rd8 11.Bf4 Qa6 12.Qb3 Ne8 13.Rfe1 Nc6 14.d5 Na5 15.
Qb4 Bf6 16.Ne4 Bg7 17.Qxe7 Bf5 18.N2c3 Nf6 19.Bf1 Rd7 20.Qxd7 1-0

[Event "17th ECh U20"]
[Site "Arnhem NED"]
[Date "1987.12.29"]
[Round "10"]
[White "Spycher, Bernard"]
[Black "Wessman, Richard"]
[Result "0-1"]
[WhiteElo "2245"]
[BlackElo "2285"]
[EventDate "1987.12.19"]
[PlyCount "118"]

1.d4 e6 2.Nf3 f5 3.g3 Nf6 4.Bg2 d5 5.O-O Bd6 6.c4 c6 7.b3 Qe7 8.Ne5 O-O 9.
Bb2 Nbd7 10.Qc2 Ne4 11.Nd3 b6 12.Nd2 Ba6 13.Rac1 Rac8 14.f3 Nxd2 15.Qxd2 
dxc4 16.bxc4 c5 17.Qc2 cxd4 18.Qa4 Nc5 19.Nxc5 Rxc5 20.Bxd4 Ra5 21.Qb3 Ra3
22.Qb2 Bc5 23.Rfd1 Rc8 24.Kh1 Ra5 25.Bxc5 Rcxc5 26.f4 Bxc4 27.Rd4 Bd5 28.
Bxd5 exd5 29.Rcd1 Qe3 30.R4d3 Qe4+ 31.Kg1 Ra4 32.Qd2 h6 33.Rxd5 Rxd5 34.
Qxd5+ Qxd5 35.Rxd5 Rxa2 36.Kf2 Ra5 37.Rd7 Kh7 38.h3 Ra4 39.Rd5 Kg6 40.Rd6+
Kf7 41.Rd7+ Kf6 42.Rc7 h5 43.Rc6+ Kf7 44.Rc7+ Kg6 45.Rc6+ Kh7 46.Rc7 a5 
47.Kf3 Rb4 48.e3 Rb3 49.Ra7 Kh6 50.Ra6 g5 51.fxg5+ Kxg5 52.Ra8 Rb4 53.h4+ 
Kf6 54.Rf8+ Ke6 55.Re8+ Kf7 56.Rh8 Kg6 57.Rg8+ Kf6 58.Rf8+ Ke6 59.Re8+ Kd6
0-1

[Event "17th ECh U20"]
[Site "Arnhem NED"]
[Date "1987.12.29"]
[Round "10"]
[White "Vandevoort, Pascal"]
[Black "Pieniazek, Artur"]
[Result "0-1"]
[WhiteElo "2005"]
[BlackElo "2280"]
[EventDate "1987.12.19"]
[PlyCount "73"]

1.e4 c5 2.Nc3 Nc6 3.f4 g6 4.Nf3 Bg7 5.Bb5 Nd4 6.Bd3 d6 7.Nxd4 cxd4 8.Ne2 
e5 9.c3 Nf6 10.cxd4 exd4 11.Ng3 O-O 12.O-O Qb6 13.b4 Qxb4 14.Rb1 Qc5 15.
Rb5 Qc7 16.e5 dxe5 17.fxe5 Ng4 18.Ba3 Bxe5 19.Rc5 Qd8 20.Rxc8 Qxc8 21.Bf5 
Qc7 22.Qxg4 Rfe8 23.Bd3 Rac8 24.Nf5 Kh8 25.Nh6 f6 26.Bb5 Bxh2+ 27.Kh1 Re5 
28.Nf7+ Kg7 29.Nxe5 Bxe5 30.Qe6 a6 31.Bd7 Qc4 32.Qe7+ Kh6 33.Rg1 Rc7 34.
Qf8+ Kg5 35.Bc1 d3 36.Qe7 Qh4+ 37.Bh3 0-1

[Event "17th ECh U20"]
[Site "Arnhem NED"]
[Date "1987.12.30"]
[Round "11"]
[White "Brenninkmeijer, Joris"]
[Black "Pieniazek, Artur"]
[Result "1-0"]
[WhiteElo "2345"]
[BlackElo "2280"]
[EventDate "1987.12.19"]
[PlyCount "75"]

1.d4 Nf6 2.c4 c5 3.d5 b5 4.a4 b4 5.g3 d6 6.Bg2 g6 7.e4 Nbd7 8.Ne2 Bg7 9.h3
O-O 10.Be3 Ne8 11.Qb3 Rb8 12.Nd2 e6 13.O-O exd5 14.exd5 Nef6 15.Rae1 Re8 
16.Nc1 Nb6 17.Nd3 Bf5 18.g4 Bxd3 19.Qxd3 Nxa4 20.Ra1 Qd7 21.b3 Nb6 22.Ra6 
h5 23.g5 Nh7 24.Ne4 Re7 25.Bf4 Be5 26.Bxe5 Rxe5 27.f4 Re7 28.Nf6+ Nxf6 29.
gxf6 Ree8 30.f5 Re5 31.fxg6 Rbe8 32.gxf7+ Qxf7 33.Rxa7 Qxa7 34.Qg6+ Kf8 
35.f7 Rd8 36.Qg8+ Ke7 37.f8=Q+ Rxf8 38.Qxf8+ 1-0

[Event "17th ECh U20"]
[Site "Arnhem NED"]
[Date "1987.12.30"]
[Round "11"]
[White "Fernandez Aguado, Enrique"]
[Black "Calinescu, Gruia"]
[Result "1-0"]
[WhiteElo "2335"]
[BlackElo "2240"]
[EventDate "1987.12.19"]
[PlyCount "81"]

1.e4 c5 2.Nf3 d6 3.d4 cxd4 4.Nxd4 Nf6 5.Nc3 a6 6.Be3 e5 7.Nb3 Be6 8.Qd2 
Nbd7 9.f4 Rc8 10.O-O-O b5 11.f5 Bc4 12.Bd3 Qc7 13.Kb1 Be7 14.h3 b4 15.Ne2 
a5 16.g4 a4 17.Nbc1 Qb7 18.Ng3 h6 19.Rhg1 Bxd3 20.Qxd3 Nc5 21.Bxc5 Rxc5 
22.Rd2 Qc6 23.Qf3 Rc4 24.Re2 Kd7 25.h4 Rc8 26.Rgg2 Kc7 27.g5 hxg5 28.hxg5 
Nd7 29.f6 gxf6 30.Nf5 Bf8 31.gxf6 Kb8 32.Ne7 Bxe7 33.fxe7 f6 34.Rh2 d5 35.
exd5 Qd6 36.Rh7 Re8 37.Qd3 Rc5 38.Re4 Rxd5 39.Rxb4+ Qxb4 40.Qxd5 Rxe7 41.
Nd3 1-0

[Event "17th ECh U20"]
[Site "Arnhem NED"]
[Date "1987.12.30"]
[Round "11"]
[White "Gdanski, Jacek"]
[Black "Horvath, Csaba"]
[Result "1-0"]
[WhiteElo "2400"]
[BlackElo "2455"]
[EventDate "1987.12.19"]
[PlyCount "73"]

1.e4 c5 2.Nf3 Nc6 3.Bb5 d6 4.O-O Bg4 5.h3 Bh5 6.c3 a6 7.Bxc6+ bxc6 8.d4 
cxd4 9.cxd4 Nf6 10.Bg5 h6 11.Bxf6 gxf6 12.Nbd2 Bg7 13.Qa4 Qb6 14.Rac1 Qb5 
15.Qxb5 cxb5 16.Rc7 e6 17.Rfc1 O-O 18.Kf1 Rfd8 19.Nh4 d5 20.g4 Bg6 21.Nxg6
fxg6 22.R1c6 dxe4 23.Nxe4 Rxd4 24.Rxe6 Rc4 25.Nxf6+ Bxf6 26.Rxc4 bxc4 27.
Rxf6 Kg7 28.Rc6 Rb8 29.Rc7+ Kf6 30.Rxc4 Rxb2 31.Rc6+ Kg5 32.Rxa6 h5 33.Kg2
hxg4 34.hxg4 Kh4 35.Kf3 Rc2 36.Rxg6 Rxa2 37.Rh6+ 1-0

[Event "17th ECh U20"]
[Site "Arnhem NED"]
[Date "1987.12.30"]
[Round "11"]
[White "Gelfand, Boris"]
[Black "Kosic, Dragan"]
[Result "1-0"]
[WhiteElo "2510"]
[BlackElo "2385"]
[EventDate "1987.12.19"]
[PlyCount "125"]

1.d4 d5 2.c4 c6 3.Nc3 Nf6 4.e3 Qb6 5.Qc2 Bd7 6.Nf3 g6 7.Bd3 Bg7 8.O-O O-O 
9.b3 Na6 10.c5 Qd8 11.a3 Ng4 12.h3 Nh6 13.b4 Bf5 14.Rb1 Nb8 15.Ne2 Nd7 16.
Bb2 Bxd3 17.Qxd3 Qc7 18.b5 Nf5 19.Rfc1 Rab8 20.a4 e5 21.dxe5 Nxe5 22.Bxe5 
Bxe5 23.a5 Bg7 24.Qd2 Qd7 25.Qb4 Rbe8 26.Ned4 Re4 27.a6 bxa6 28.bxa6 Nxd4 
29.exd4 Qc8 30.Qb7 Bxd4 31.Qxa7 Bf6 32.Qb7 Re7 33.Qxc8 Rxc8 34.Rc2 Ra7 35.
Ra2 Kf8 36.Ne1 Ke7 37.Nd3 Kd7 38.Rb6 Bc3 39.Ra3 Bd4 40.Ra4 Bc3 41.Ra3 Bd4 
42.Rab3 f6 43.Kf1 Be5 44.Rb7+ Rc7 45.f4 Bd4 46.R7b4 Be3 47.Ke2 d4 48.Rb6 
Ra8 49.Rb2 Re8 50.Kd1 g5 51.fxg5 Bxg5 52.Rb7 Ra8 53.Rxc7+ Kxc7 54.Rb7+ Kc8
55.Rb6 Kd7 56.Nb4 Bf4 57.Rxc6 Be5 58.Rb6 Rg8 59.Rb7+ Kc8 60.Rxh7 Rxg2 61.
a7 Rg1+ 62.Kc2 Ra1 63.Nd5 1-0